000 00536nam a2200205Ia 4500
005 20240427132719.0
008 131103s9999 xx 000 0 und d
040 _aLoreto College
041 _aEnglish
082 _a371.3
_bBHA
100 _aBhattacharya, S.P.
245 _aElements of Models of Teaching
_cS.P. Bhattacharya and other
260 _aCalcutta
_bLearning pesource house
_c1992
300 _a63p.
504 _aIncludes bibliography
650 _aEducation
651 _aREF
850 _aLCBED
942 _cBK
999 _c34220
_d84699